| 000 | 00000nam 2200000zi 4500 |
| 001 | 9.887859 |
| 003 | CaOODSP |
| 005 | 20221107171825 |
| 006 | m o d f |
| 007 | cr |n||||||||| |
| 008 | 200528t19941994oncbdo ob f001 0 eng d |
| 020 | |z0802005748 |
| 040 | |aCaOODSP|beng|erda|cCaOODSP |
| 043 | |an-cn--- |
| 086 | 1 |aD2-63/3-1994E-PDF|zD2-63/3-1994E |
| 100 | 1 |aGreenhous, Brereton, |d1929- |eauthor. |
| 245 | 14|aThe crucible of war, 1939-1945 / |cBrereton Greenhous, Stephen J. Harris, William C. Johnston and William G.P. Rawling; maps and charts by William R. Constable. |
| 264 | 1|a[Toronto] : |bUniversity of Toronto Press Inc. ; |a[Ottawa] : |bDepartment of National Defence : |bCanadian Government Publishing Centre, |c[1994] |
| 264 | 4|c©1994 |
| 300 | |a1 online resource (xxiv, 1096 pages) : |bgraphs, maps (some colour), photographs. |
| 336 | |atext|btxt|2rdacontent |
| 337 | |acomputer|bc|2rdamedia |
| 338 | |aonline resource|bcr|2rdacarrier |
| 490 | 1 |aThe official history of the Royal Canadian Air Force ; |vvolume III |
| 500 | |aDigitized by Publishing and Depository Services Program. |
| 500 | |aIssued also in French under title: Le creuset de la guerre, 1939-1945. |
| 504 | |aIncludes bibliographical references (pages [919]-1046) and an index. |
| 505 | 0 |aPart I: Air Policy -- Part II: The Fighter War -- Part III: The Maritime Air War -- Part IV: The Bomber War -- Part V: Air Transport. |
| 520 | |a"This is the third of a projected four-volume series outlining the history of the Royal Canadian Air Force, which was promulgated (by administrative fiat) on 1 April 1924 and absorbed into the tri-service Canadian Armed Forces (via the Canadian Forces Reorganization Act) on 1 February 1968. This volume traces the activities of the RCAF Overseas — those parts of the service which were based (at various times and in widely differing quantities) in Northwest Europe, the Mediterranean, and the Far Eastern theatres of war"--General Introduction, page [xxiii]. |
| 530 | |aIssued also in printed form. |
| 610 | 10|aCanada. |bRoyal Canadian Air Force|xHistory|yWorld War, 1939-1945. |
| 650 | 0|aWorld War, 1939-1945|xAerial operations, Canadian. |
| 710 | 1 |aCanada. |bDepartment of National Defence. |
| 775 | 08|tLe creuset de la guerre, 1939-1945 / |w(CaOODSP)9.887861 |
| 776 | 0#|tThe crucible of war, 1939-1945 / |w(CaOODSP)9.608807 |
| 830 | #0|aOfficial history of the Royal Canadian Air Force ;|vvolume III.|w(CaOODSP)9.887931 |
| 856 | 40|qPDF|s69.78 MB|uhttps://publications.gc.ca/collections/collection_2020/mdn-dnd/D2-63-3-1994-eng.pdf |